000 00668nam a2200205Ia 4500
001 8356
003 GE_BSU
008 181216s||||||||xx |||||||||||||| ||und||
040 _cGE_BSU
245 _aПсихологический журнал. Том 34, Ноябрь-Декабрь №6. 2013.
245 _cгл. ред.РАН А.Л.Журавлев и др.
260 _aМосква
260 _bнаука
260 _c2013
300 _a128ст.;29см.
653 _aПериодика
653 _aПсихологический журнал. Том 34, Ноябрь-Декабрь №6. 2013.
653 _aპერიოდიკა
942 _cCR
999 _c41682
_d41682